000 00634nam a2200193Ia 4500
003 GCL
005 20240530110929.0
008 140319s9999 xx 000 0 ara d
040 _aGCL /
_cGCL
082 0 4 _a915.3
_bف ج
100 1 _aفتحى محمد ابوعيانة
245 1 0 _aجغرافية الوطن العربى /
_cفتحى محمد ابوعيانة
250 _aط. 1
260 _aالاسكندرية :
_bدار المعرفة الجامعية،
_c2007
300 _a422 ص. ؛
_c24 سم
650 0 4 _aشبه الجزيرة العربية
650 0 4 _aالجغرافيا التاريخية
942 _2ddc
_cBK
999 _c66615
_d66615